[Event "Tula Region-ch"]
[Site "Tula"]
[Date "2013.10.26"]
[Round "7"]
[White "Kainov, Aleksey"]
[Black "Chuiko, Alexander"]
[Result "1/2-1/2"]
[WhiteElo "2191"]
[BlackElo "2443"]
[PlyCount "115"]
[EventDate "2013.10.20"]
[EventType "tourn"]
[EventRounds "9"]
[EventCountry "RUS"]
[SourceTitle "EXT 2014"]
[Source "ChessBase"]
[SourceDate "2013.11.20"]
[SourceVersion "1"]
[SourceVersionDate "2013.11.20"]
[SourceQuality "1"]

1. d4 Nf6 2. c4 e6 3. Nf3 Bb4+ 4. Bd2 Qe7 5. g3 0-0 6. Bg2 d5 7. Qc2 Nc6 8. 0-0 Rd8 9. a3 Bxd2 10. Nbxd2 dxc4 11. Qxc4 e5 12. dxe5 Nxe5 13. Nxe5 Qxe5 14. Nf3 Qe7 15. Rac1 c6 16. Nd4 Be6 17. Nxe6 Qxe6 18. Qxe6 fxe6 19. Rfd1 Kf7 20. Kf1 Ke7 21. e3 Rxd1+ 22. Rxd1 Rc8 23. Ke2 b6 24. f4 Rc7 25. Bf3 c5 26. g4 Rd7 27. g5 Ne8 28. Rxd7+ Kxd7 29. h4 Nd6 30. Kd3 b5 31. Bg4 Nc4 32. b3 Nxa3 33. f5 c4+ 34. Kc3 cxb3 35. h5 Ke7 36. fxe6 Nc4 37. Bf5 h6 38. gxh6 gxh6 39. Kxb3 Nxe3 40. Bd3 Kxe6 41. Bxb5 Kf5 42. Kb4 Kg5 43. Ka5 Nd5 44. Bc6 Nf6 45. Ka6 Kxh5 46. Kxa7 Kg4 47. Kb6 h5 48. Kc5 Kf4 49. Kd4 Ng4 50. Bb7 Nf2 51. Bc8 h4 52. Be6 Ng4 53. Kd3 h3 54. Ke2 h2 55. Bd5 Kg3 56. Bc6 Nf2 57. Bf3 Nh3 58. Bh1 1/2-1/2

[Event "Tula Region-ch"]
[Site "Tula"]
[Date "2013.10.21"]
[Round "2"]
[White "Novikov, Maxim"]
[Black "Chuiko, Alexander"]
[Result "1-0"]
[WhiteElo "2507"]
[BlackElo "2443"]
[PlyCount "103"]
[EventDate "2013.10.20"]
[EventType "tourn"]
[EventRounds "9"]
[EventCountry "RUS"]
[SourceTitle "EXT 2014"]
[Source "ChessBase"]
[SourceDate "2013.11.20"]
[SourceVersion "1"]
[SourceVersionDate "2013.11.20"]
[SourceQuality "1"]

1. e4 c5 2. Nf3 d6 3. c3 Nf6 4. h3 Nc6 5. Bd3 e5 6. Bc2 Be7 7. d4 cxd4 8. cxd4 exd4 9. Nxd4 d5 10. Nxc6 bxc6 11. exd5 cxd5 12. 0-0 0-0 13. Be3 Ne4 14. Nd2 Nxd2 15. Qxd2 Bf6 16. Bd4 Be6 17. Rfd1 a5 18. Qf4 Rb8 19. Bxf6 Qxf6 20. Qxf6 gxf6 21. Rd2 Kg7 22. b3 f5 23. f4 Kf6 24. Kf2 Rb4 25. g3 Rc8 26. Re1 d4 27. Re5 a4 28. bxa4 Rb2 29. Ree2 Rxa2 30. Bd1 Rxd2 31. Rxd2 Rc4 32. Bb3 Rb4 33. Bxe6 fxe6 34. Ra2 Rb6 35. a5 Ra6 36. Ke2 e5 37. Kd3 Ke6 38. Kc4 h5 39. h4 Rc6+ 40. Kb5 Rc8 41. fxe5 Kxe5 42. a6 d3 43. a7 Ra8 44. Kb6 Ke4 45. Kb7 Rxa7+ 46. Rxa7 d2 47. Ra1 Kf3 48. Kc6 Kxg3 49. Kd5 Kxh4 50. Rg1 Kh3 51. Ke5 h4 52. Kxf5 1-0

[Event "RUS Cup tt"]
[Site "Miass"]
[Date "2007.11.27"]
[Round "10"]
[White "Chuiko, Alexander"]
[Black "Dvoirys, Semen I"]
[Result "0-1"]
[WhiteElo "2452"]
[BlackElo "2572"]
[PlyCount "96"]
[EventDate "2007.11.19"]
[EventType "swiss"]
[EventRounds "10"]
[EventCountry "RUS"]
[SourceTitle "CBM 121 Extra"]
[Source "ChessBase"]
[SourceDate "2008.01.10"]
[SourceVersion "1"]
[SourceVersionDate "2008.01.10"]
[SourceQuality "1"]

1. e4 c5 2. Nf3 d6 3. Bb5+ Nc6 4. 0-0 Bg4 5. h3 Bh5 6. Re1 Nf6 7. c3 Nd7 8. g4 Bg6 9. d4 a6 10. Bf1 e5 11. d5 Ncb8 12. Nbd2 Be7 13. a4 h5 14. Bg2 hxg4 15. hxg4 Nf6 16. Nh2 b6 17. Nc4 Nbd7 18. b4 cxb4 19. cxb4 Kf8 20. Bd2 Ne8 21. a5 b5 22. Ne3 Bg5 23. Nf3 Bf4 24. Nf5 Bxd2 25. Qxd2 Ndf6 26. Qg5 Bxf5 27. Qxf5 g6 28. Qg5 Qc8 29. Nh2 Qc3 30. Rab1 Qd4 31. Nf3 Nxe4 32. Nxd4 Nxg5 33. Nf3 Nxf3+ 34. Bxf3 f5 35. Rbc1 Rh7 36. Rc6 Rc7 37. gxf5 gxf5 38. Bh5 Rxc6 39. dxc6 Ke7 40. f4 e4 41. Kf2 Nf6 42. Bg6 Ke6 43. Rc1 Rc8 44. c7 Nd5 45. Bh7 Rxc7 46. Bg8+ Ke7 47. Rxc7+ Nxc7 48. Bb3 d5 0-1

[Event "RUS Cup tt"]
[Site "Miass"]
[Date "2007.11.24"]
[Round "6"]
[White "Provotorov, Ivan"]
[Black "Chuiko, Alexander"]
[Result "1-0"]
[WhiteElo "2401"]
[BlackElo "2452"]
[PlyCount "91"]
[EventDate "2007.11.19"]
[EventType "swiss"]
[EventRounds "10"]
[EventCountry "RUS"]
[SourceTitle "CBM 121 Extra"]
[Source "ChessBase"]
[SourceDate "2008.01.10"]
[SourceVersion "1"]
[SourceVersionDate "2008.01.10"]
[SourceQuality "1"]

1. e4 c5 2. c3 Nf6 3. e5 Nd5 4. d4 cxd4 5. Nf3 Nc6 6. cxd4 d6 7. Bc4 e6 8. 0-0 Be7 9. Qe2 0-0 10. Nc3 Nxc3 11. bxc3 dxe5 12. dxe5 Qa5 13. Qe4 Qa4 14. Bg5 h6 15. Bxe7 Nxe7 16. Rab1 Rd8 17. Bd3 Qxe4 18. Bxe4 Nc6 19. Rfd1 Kf8 20. Rd6 Rxd6 21. exd6 f6 22. c4 Na5 23. Nd2 Rb8 24. c5 Bd7 25. Nb3 Nc6 26. Bxc6 bxc6 27. Nd2 Rxb1+ 28. Nxb1 e5 29. f3 Kf7 30. Kf2 Ke6 31. Nc3 Bc8 32. Ke3 Bd7 33. g3 g6 34. f4 f5 35. h4 Bc8 36. Kd3 Ba6+ 37. Kc2 Bc8 38. Kb3 exf4 39. gxf4 g5 40. hxg5 hxg5 41. fxg5 f4 42. Ne2 f3 43. Ng3 Kd5 44. Kc3 Kxc5 45. Ne4+ Kd5 46. Kd3 1-0

[Event "RUS Cup tt"]
[Site "Miass"]
[Date "2007.11.23"]
[Round "5"]
[White "Dvoirys, Semen I"]
[Black "Chuiko, Alexander"]
[Result "1-0"]
[WhiteElo "2572"]
[BlackElo "2452"]
[PlyCount "83"]
[EventDate "2007.11.19"]
[EventType "swiss"]
[EventRounds "10"]
[EventCountry "RUS"]
[SourceTitle "CBM 121 Extra"]
[Source "ChessBase"]
[SourceDate "2008.01.10"]
[SourceVersion "1"]
[SourceVersionDate "2008.01.10"]
[SourceQuality "1"]

1. e4 c5 2. Nf3 d6 3. c3 Nf6 4. Bd3 Bg4 5. h3 Bxf3 6. Qxf3 Nc6 7. 0-0 g6 8. Re1 Bg7 9. Bf1 0-0 10. Na3 d5 11. exd5 Nxd5 12. Nc4 e6 13. a4 Na5 14. Nxa5 Qxa5 15. Bc4 Rfd8 16. d3 h6 17. Bd2 Qc7 18. a5 a6 19. Re4 Rd7 20. Qd1 Kh7 21. Qe2 Rc8 22. Qf3 Rf8 23. g3 Ne7 24. Bb3 Nc6 25. Bc2 Nxa5 26. Rh4 Rd5 27. d4 cxd4 28. Be4 Nb3 29. Bf4 e5 30. Bxh6 Kg8 31. Ra3 Rb5 32. c4 Qxc4 33. Bd3 Qe6 34. Bxg7 Kxg7 35. Bxb5 Nc5 36. b4 axb5 37. bxc5 Rc8 38. Qxb7 Rxc5 39. Qb8 Rc8 40. Qxb5 e4 41. Ra6 Qe7 42. Qd5 1-0

[Event "RUS Cup tt"]
[Site "Miass"]
[Date "2007.11.22"]
[Round "4"]
[White "Chuiko, Alexander"]
[Black "Grishchenko, Sergey"]
[Result "1-0"]
[WhiteElo "2452"]
[BlackElo "2355"]
[PlyCount "77"]
[EventDate "2007.11.19"]
[EventType "swiss"]
[EventRounds "10"]
[EventCountry "RUS"]
[SourceTitle "CBM 121 Extra"]
[Source "ChessBase"]
[SourceDate "2008.01.10"]
[SourceVersion "1"]
[SourceVersionDate "2008.01.10"]
[SourceQuality "1"]

1. e4 c6 2. d4 d5 3. Nc3 dxe4 4. Nxe4 Nf6 5. Nxf6+ gxf6 6. c3 Bf5 7. Nf3 h5 8. Nh4 Bg4 9. Qb3 Qb6 10. h3 Be6 11. Qc2 c5 12. dxc5 Qxc5 13. Be3 Qc7 14. 0-0-0 Nc6 15. a3 Bh6 16. Bxh6 Rxh6 17. g3 Qb6 18. Nf5 Bb3 19. Qe4 Bxd1 20. Bb5 0-0-0 21. Bxc6 bxc6 22. Nxh6 Bb3 23. Nf5 e6 24. Ne3 a5 25. Re1 Qc5 26. Qf4 Qb5 27. Qf3 Ba4 28. h4 Qb3 29. Rd1 Qa2 30. Rxd8+ Kxd8 31. Qxf6+ Ke8 32. c4 Qb3 33. Qh8+ Ke7 34. Qxh5 Qb6 35. Qg5+ Ke8 36. h5 c5 37. h6 Qc6 38. Qh4 Qf3 39. h7 1-0

[Event "Tula-ch fin"]
[Site "Tula"]
[Date "2007.08.11"]
[Round "9"]
[White "Chuiko, Alexander"]
[Black "Tishin, Petr"]
[Result "1/2-1/2"]
[WhiteElo "2452"]
[BlackElo "2404"]
[PlyCount "91"]
[EventDate "2007.08.03"]
[EventType "tourn"]
[EventRounds "9"]
[EventCountry "RUS"]
[EventCategory "6"]
[SourceTitle "CBM 119 Extra"]
[Source "ChessBase"]
[SourceDate "2007.09.04"]
[SourceVersion "1"]
[SourceVersionDate "2007.09.04"]
[SourceQuality "1"]

1. e4 e5 2. Nf3 Nc6 3. Bb5 a6 4. Bxc6 dxc6 5. 0-0 Qf6 6. d4 exd4 7. Bg5 Qd6 8. Nxd4 Bd7 9. Qd2 c5 10. Nb3 Qxd2 11. N1xd2 f6 12. Bf4 0-0-0 13. Rfe1 b6 14. Rad1 Ne7 15. Nc4 Ng6 16. Bg3 Be7 17. Ne3 Be6 18. c4 h5 19. h3 Bd6 20. Bxd6 Rxd6 21. Rxd6 cxd6 22. Nd2 Re8 23. Kf1 Nf4 24. Rd1 Kc7 25. h4 g5 26. hxg5 fxg5 27. b3 g4 28. g3 Nh3 29. Ke2 Ng5 30. Kd3 Rf8 31. Rf1 b5 32. Nd5+ Bxd5 33. cxd5 Kb6 34. Ke2 Nf3 35. Nxf3 Rxf3 36. Rh1 c4 37. bxc4 bxc4 38. Rxh5 Kc5 39. e5 dxe5 40. Rxe5 c3 41. d6+ Kxd6 42. Re4 Kd5 43. Rxg4 Rxf2+ 44. Kd1 Rxa2 45. Kc1 a5 46. Rg8 1/2-1/2

[Event "Tula-ch fin"]
[Site "Tula"]
[Date "2007.08.10"]
[Round "8"]
[White "Aleshin, Nikolay"]
[Black "Chuiko, Alexander"]
[Result "1/2-1/2"]
[WhiteElo "2254"]
[BlackElo "2452"]
[PlyCount "112"]
[EventDate "2007.08.03"]
[EventType "tourn"]
[EventRounds "9"]
[EventCountry "RUS"]
[EventCategory "6"]
[SourceTitle "CBM 119 Extra"]
[Source "ChessBase"]
[SourceDate "2007.09.04"]
[SourceVersion "1"]
[SourceVersionDate "2007.09.04"]
[SourceQuality "1"]

1. e4 c5 2. Nf3 e6 3. d4 cxd4 4. Nxd4 Nc6 5. Nb5 d6 6. Bf4 e5 7. Be3 a6 8. N5c3 Nf6 9. Be2 Be7 10. 0-0 0-0 11. a4 Be6 12. Na3 Rb8 13. h3 d5 14. exd5 Nxd5 15. Nxd5 Bxd5 16. Nc4 b5 17. axb5 axb5 18. Na3 b4 19. Nc4 f5 20. Bb6 Qd7 21. Qd2 Bf6 22. Bc5 Rfd8 23. Rfd1 Qe6 24. Ne3 Nd4 25. Bxd4 exd4 26. Nxd5 Qxd5 27. Ra4 Qc5 28. b3 Kh8 29. Bd3 Re8 30. Qf4 g6 31. Bc4 Rb7 32. Ra6 Bg7 33. Qd6 Qxd6 34. Rxd6 Be5 35. Ra6 Kg7 36. Bd3 Ree7 37. Rda1 Bf4 38. Ra8 Rb8 39. Rxb8 Bxb8 40. Kf1 Bf4 41. Rd1 Bd6 42. Ra1 Kf6 43. Ra6 Ke6 44. Bc4+ Kd7 45. Bb5+ Ke6 46. Bc6 Bc5 47. Bb5+ Bd6 48. g3 g5 49. Ke2 h5 50. Kd3 Rc7 51. Bc4+ Ke7 52. Ra8 Be5 53. Rg8 g4 54. hxg4 hxg4 55. Rg6 Rb7 56. Rh6 Rd7 1/2-1/2

[Event "Tula-ch fin"]
[Site "Tula"]
[Date "2007.08.04"]
[Round "2"]
[White "Chuiko, Alexander"]
[Black "Novikov, Maxim"]
[Result "1/2-1/2"]
[WhiteElo "2452"]
[BlackElo "2524"]
[PlyCount "25"]
[EventDate "2007.08.03"]
[EventType "tourn"]
[EventRounds "9"]
[EventCountry "RUS"]
[EventCategory "6"]
[SourceTitle "CBM 119 Extra"]
[Source "ChessBase"]
[SourceDate "2007.09.04"]
[SourceVersion "1"]
[SourceVersionDate "2007.09.04"]
[SourceQuality "1"]

1. e4 e5 2. Nf3 Nc6 3. Bc4 Bc5 4. c3 Nf6 5. d4 exd4 6. cxd4 Bb4+ 7. Bd2 Bxd2+ 8. Nbxd2 d5 9. exd5 Nxd5 10. Qb3 Nce7 11. 0-0 0-0 12. Rfe1 c6 13. a4 1/2-1/2

[Event "Tula-ch fin"]
[Site "Tula"]
[Date "2007.08.03"]
[Round "1"]
[White "Yagupov, Igor"]
[Black "Chuiko, Alexander"]
[Result "0-1"]
[WhiteElo "2494"]
[BlackElo "2452"]
[PlyCount "140"]
[EventDate "2007.08.03"]
[EventType "tourn"]
[EventRounds "9"]
[EventCountry "RUS"]
[EventCategory "6"]
[SourceTitle "CBM 119 Extra"]
[Source "ChessBase"]
[SourceDate "2007.09.04"]
[SourceVersion "1"]
[SourceVersionDate "2007.09.04"]
[SourceQuality "1"]

1. e4 e5 2. Nf3 d6 3. d4 Nd7 4. Bc4 Qe7 5. 0-0 c6 6. a4 exd4 7. Nxd4 g6 8. a5 a6 9. Ra3 Bg7 10. Re1 Ngf6 11. Ba2 0-0 12. Nd2 Ne5 13. h3 Qc7 14. N4f3 Re8 15. Nxe5 dxe5 16. Nc4 Be6 17. Qd6 Rac8 18. Qxc7 Rxc7 19. Nd6 Rd8 20. Bxe6 Rxd6 21. Bc4 Nxe4 22. f4 Rd4 23. Ba2 Rcd7 24. Rae3 exf4 25. Rxe4 Rxe4 26. Rxe4 Rd1+ 27. Kf2 Rxc1 28. Re8+ Bf8 29. Bb3 Rd1 30. Kf3 Kg7 31. Rc8 Rd7 32. Kxf4 Bb4 33. Kf3 Bxa5 34. g4 Bd8 35. Bc4 Kf6 36. b3 Ke5 37. Ke2 f5 38. gxf5 gxf5 39. Kf3 h6 40. Bd3 a5 41. Ke3 Bb6+ 42. Kf3 Rd8 43. Rxd8 Bxd8 44. c3 b5 45. Bc2 Bg5 46. Ke2 Bc1 47. Kd3 Bb2 48. c4 f4 49. cxb5 cxb5 50. Bd1 Bd4 51. Ke2 Be3 52. Kd3 Kd5 53. Bh5 Kc5 54. Bf7 Kb4 55. Bd5 Bb6 56. Ke4 Bc7 57. Kd3 a4 58. bxa4 bxa4 59. h4 a3 60. h5 Bd8 61. Bf7 Bg5 62. Be6 f3 63. Kc2 f2 64. Bh3 Kc4 65. Bf1+ Kd4 66. Kb3 Be7 67. Kc2 Ke3 68. Bc4 Kf3 69. Bf1 Kg3 70. Kb3 Kh2 0-1

[Event "RUS Central Region-ch"]
[Site "Tula "]
[Date "2007.03.21"]
[Round "5"]
[White "Chuiko, Alexander"]
[Black "Kosov, Ivan"]
[Result "1/2-1/2"]
[WhiteElo "2430"]
[BlackElo "2354"]
[PlyCount "38"]
[EventDate "2007.03.17"]
[EventType "swiss"]
[EventRounds "9"]
[EventCountry "RUS"]
[SourceTitle "EXT 2008"]
[Source "ChessBase"]
[SourceDate "2007.11.25"]
[SourceVersion "1"]
[SourceVersionDate "2007.11.25"]
[SourceQuality "1"]

1. e4 c5 2. Nf3 e6 3. c3 Nf6 4. e5 Nd5 5. d4 cxd4 6. Qxd4 Nc6 7. Qe4 f5 8. Qe2 Qc7 9. c4 Bb4+ 10. Kd1 Nde7 11. b3 d6 12. Bb2 dxe5 13. Nxe5 0-0 14. Nd3 Rd8 15. Nd2 Bxd2 16. Kxd2 Nb4 17. Qe5 Qxe5 18. Bxe5 Ng6 19. f4 b5 1/2-1/2

[Event "RUS Central Region-ch"]
[Site "Tula "]
[Date "2007.03.19"]
[Round "3"]
[White "Chuiko, Alexander"]
[Black "Slugin, Sergey"]
[Result "1/2-1/2"]
[WhiteElo "2430"]
[BlackElo "2379"]
[PlyCount "107"]
[EventDate "2007.03.17"]
[EventType "swiss"]
[EventRounds "9"]
[EventCountry "RUS"]
[SourceTitle "EXT 2008"]
[Source "ChessBase"]
[SourceDate "2007.11.25"]
[SourceVersion "1"]
[SourceVersionDate "2007.11.25"]
[SourceQuality "1"]

1. e4 c6 2. d4 d5 3. Nc3 dxe4 4. Nxe4 Bf5 5. Ng3 Bg6 6. h4 h6 7. Nf3 Nd7 8. h5 Bh7 9. Bd3 Bxd3 10. Qxd3 Qc7 11. Bd2 Ngf6 12. 0-0-0 0-0-0 13. Ne4 e6 14. g3 Nxe4 15. Qxe4 Bd6 16. Kb1 Rhe8 17. Qh7 Rg8 18. Qe4 Rge8 19. c4 c5 20. Bc3 Nf6 21. Qe2 cxd4 22. Nxd4 a6 23. Nb3 Qc6 24. Rhe1 Bc7 25. Nd4 Qc5 26. g4 Qg5 27. f3 Rd7 28. Nb3 Red8 29. Rxd7 Rxd7 30. Rd1 Rxd1+ 31. Qxd1 Qf4 32. Qd3 Ne8 33. Nc5 Qd6 34. Qxd6 Bxd6 35. Ne4 Be7 36. Kc2 Kd7 37. Kd3 f5 38. Ng3 Bd6 39. Ne2 fxg4 40. fxg4 Nf6 41. Bxf6 gxf6 42. Ke4 Bf8 43. Nf4 Bd6 44. Nd3 Be7 45. b4 b6 46. a4 Bf8 47. b5 axb5 48. axb5 Bd6 49. Kd4 Kc7 50. c5 Bxc5+ 51. Nxc5 bxc5+ 52. Kxc5 Kb7 53. Kd6 e5 54. Kc5 1/2-1/2

[Event "Tula Igriashvili Memorial"]
[Site "Tula "]
[Date "2006.04.01"]
[Round "9"]
[White "Chuiko, Alexander"]
[Black "Novikov, Maxim"]
[Result "1/2-1/2"]
[WhiteElo "2397"]
[BlackElo "2518"]
[PlyCount "93"]
[EventDate "2006.03.26"]
[EventType "tourn"]
[EventRounds "14"]
[EventCountry "RUS"]
[EventCategory "8"]
[SourceTitle "EXT 2008"]
[Source "ChessBase"]
[SourceDate "2007.11.25"]
[SourceVersion "1"]
[SourceVersionDate "2007.11.25"]
[SourceQuality "1"]

1. e4 e5 2. Nf3 Nc6 3. Bb5 a6 4. Ba4 d6 5. c3 Bd7 6. d4 g6 7. 0-0 Bg7 8. dxe5 dxe5 9. Be3 Nge7 10. Bc5 Bf6 11. Qd3 b6 12. Ba3 Na5 13. Bxd7+ Qxd7 14. Qe2 Qb5 15. Qc2 Rd8 16. Nbd2 Qd3 17. Qxd3 Rxd3 18. Rfd1 Nec6 19. Kf1 Be7 20. Ke2 Rd8 21. b4 Nb7 22. Nc4 Rxd1 23. Rxd1 Nd6 24. Nxd6+ Bxd6 25. Bb2 f6 26. a3 Kf7 27. Nd2 Rd8 28. Nc4 Bf8 29. Rxd8 Nxd8 30. Ne3 b5 31. c4 c5 32. cxb5 axb5 33. bxc5 Bxc5 34. Nd5 Ne6 35. f3 Nf4+ 36. Nxf4 exf4 37. Kd3 Ke6 38. Kc2 f5 39. exf5+ Kxf5 40. Kb3 Ke6 41. Bc1 Bd6 42. Bd2 Kd5 43. Bc3 Bc5 44. Bf6 Bg1 45. h3 Bc5 46. Bc3 Be7 47. Bg7 1/2-1/2

[Event "Tula Region-ch"]
[Site "Tula"]
[Date "2006.??.??"]
[Round "7"]
[White "Chuiko, Alexander"]
[Black "Castaneda, Georgui"]
[Result "1/2-1/2"]
[WhiteElo "2420"]
[BlackElo "2440"]
[PlyCount "35"]
[EventDate "2006.??.??"]
[EventType "tourn"]
[EventRounds "11"]
[EventCountry "RUS"]
[EventCategory "8"]
[SourceTitle "EXT 2008"]
[Source "ChessBase"]
[SourceDate "2007.11.25"]
[SourceVersion "1"]
[SourceVersionDate "2007.11.25"]
[SourceQuality "1"]

1. e4 e6 2. d4 d5 3. Nc3 Nf6 4. e5 Nfd7 5. f4 c5 6. Nf3 Nc6 7. Be3 a6 8. Qd2 b5 9. dxc5 Bxc5 10. Bxc5 Nxc5 11. Qf2 Qb6 12. Bd3 b4 13. Ne2 a5 14. 0-0 Ba6 15. Kh1 Ne7 16. Bxa6 Rxa6 17. Ned4 0-0 18. Qe3 1/2-1/2

[Event "Tula Region-ch"]
[Site "Tula"]
[Date "2006.??.??"]
[Round "4"]
[White "Chuiko, Alexander"]
[Black "Gurin, Anatolij"]
[Result "1-0"]
[WhiteElo "2420"]
[BlackElo "2300"]
[PlyCount "87"]
[EventDate "2006.??.??"]
[EventType "tourn"]
[EventRounds "11"]
[EventCountry "RUS"]
[EventCategory "8"]
[SourceTitle "EXT 2008"]
[Source "ChessBase"]
[SourceDate "2007.11.25"]
[SourceVersion "1"]
[SourceVersionDate "2007.11.25"]
[SourceQuality "1"]

1. e4 c6 2. d4 d5 3. Nc3 dxe4 4. Nxe4 Nd7 5. Ng5 Ngf6 6. Bc4 e6 7. Qe2 Nb6 8. Bb3 h6 9. N5f3 Bd6 10. Ne5 Qc7 11. Ngf3 c5 12. dxc5 Bxc5 13. Bf4 Qe7 14. 0-0-0 0-0 15. g4 Nfd5 16. Bd2 Nd7 17. h4 Nxe5 18. Nxe5 Qf6 19. Nd3 Bd6 20. g5 Qf5 21. gxh6 g6 22. h5 g5 23. Bxd5 Qxd5 24. Rhg1 f6 25. f4 Be7 26. fxg5 fxg5 27. Kb1 Bd7 28. Nf4 Qb5 29. Qxb5 Bxb5 30. Nxe6 Rf5 31. Bxg5 Bxg5 32. Rxg5+ Rxg5 33. Nxg5 Be8 34. b3 b5 35. Re1 Bxh5 36. Re7 a5 37. Rg7+ Kh8 38. Rh7+ Kg8 39. Rg7+ Kh8 40. Nf7+ Bxf7 41. Rxf7 a4 42. Rb7 axb3 43. axb3 Ra6 44. Rxb5 1-0

[Event "Tula Region-ch"]
[Site "Tula"]
[Date "2006.??.??"]
[Round "3"]
[White "Domogaev, Sergey"]
[Black "Chuiko, Alexander"]
[Result "1-0"]
[WhiteElo "2355"]
[BlackElo "2420"]
[PlyCount "59"]
[EventDate "2006.??.??"]
[EventType "tourn"]
[EventRounds "11"]
[EventCountry "RUS"]
[EventCategory "8"]
[SourceTitle "EXT 2008"]
[Source "ChessBase"]
[SourceDate "2007.11.25"]
[SourceVersion "1"]
[SourceVersionDate "2007.11.25"]
[SourceQuality "1"]

1. e4 c5 2. Nf3 d6 3. Bb5+ Bd7 4. Bxd7+ Qxd7 5. 0-0 Nf6 6. e5 dxe5 7. Nxe5 Qc7 8. d4 cxd4 9. Bf4 Qb6 10. Nd2 Nc6 11. Ndc4 Qc5 12. Re1 Nxe5 13. Nxe5 e6 14. c4 dxc3 15. Rc1 Qd5 16. Qa4+ b5 17. Qa6 c2 18. Rxc2 Be7 19. Rc7 g5 20. Nc6 Bd8 21. Nb4 Qf5 22. Qc6+ Kf8 23. Qxa8 Kg7 24. Qxa7 gxf4 25. Rxf7+ Kh6 26. Nc6 Rg8 27. Nxd8 Rg6 28. Rxf6 Rxf6 29. Qe7 f3 30. Qxf6+ 1-0

[Event "Moscow Aeroflot op-B"]
[Site "Moscow"]
[Date "2005.02.16"]
[Round "2"]
[White "Chuiko, Alexander"]
[Black "Sepp, Olav"]
[Result "0-1"]
[WhiteElo "2403"]
[BlackElo "2451"]
[PlyCount "86"]
[EventDate "2005.02.15"]
[EventType "swiss"]
[EventRounds "9"]
[EventCountry "RUS"]
[SourceTitle "EXT 2006"]
[Source "ChessBase"]
[SourceDate "2005.11.24"]
[SourceVersion "1"]
[SourceVersionDate "2005.11.24"]
[SourceQuality "1"]

1. e4 e5 2. Nf3 Nc6 3. Bb5 Nf6 4. Qe2 Bc5 5. c3 0-0 6. 0-0 Re8 7. d3 h6 8. b4 Bf8 9. Nbd2 a5 10. bxa5 Rxa5 11. a4 d5 12. c4 dxe4 13. dxe4 Bg4 14. Nb3 Ra8 15. h3 Bh5 16. Rd1 Qc8 17. Bxc6 bxc6 18. a5 Qe6 19. Ra4 Reb8 20. Rd3 Nxe4 21. g4 Bg6 22. Re3 Rxb3 23. Rxb3 Nc5 24. Rba3 Nxa4 25. Rxa4 Bd6 26. Bb2 f6 27. a6 Bc5 28. Bd4 Bxd4 29. Nxd4 Qc8 30. Nf5 Bxf5 31. gxf5 Rxa6 32. Rxa6 Qxa6 33. Qd3 Kh7 34. Kg2 Qc8 35. h4 Qe8 36. Qe4 Qd7 37. Qg4 c5 38. h5 Kg8 39. Qf3 Qd4 40. Qa8+ Kh7 41. Qc8 Qg4+ 42. Kf1 Qxc4+ 43. Ke1 Qe4+ 0-1

[Event "Moscow Aeroflot op-B"]
[Site "Moscow"]
[Date "2005.02.15"]
[Round "1"]
[White "Kanep, Meelis"]
[Black "Chuiko, Alexander"]
[Result "1-0"]
[WhiteElo "2476"]
[BlackElo "2403"]
[PlyCount "53"]
[EventDate "2005.02.15"]
[EventType "swiss"]
[EventRounds "9"]
[EventCountry "RUS"]
[SourceTitle "EXT 2006"]
[Source "ChessBase"]
[SourceDate "2005.11.24"]
[SourceVersion "1"]
[SourceVersionDate "2005.11.24"]
[SourceQuality "1"]

1. d4 Nf6 2. Bg5 e6 3. e4 h6 4. Bxf6 Qxf6 5. c3 d6 6. Bd3 Nd7 7. Ne2 g6 8. 0-0 Bg7 9. f4 Qe7 10. f5 e5 11. fxg6 fxg6 12. Nd2 Rf8 13. Qb3 Nb6 14. a4 Be6 15. d5 Bc8 16. a5 Nd7 17. a6 Rxf1+ 18. Rxf1 b6 19. Bb5 Kd8 20. Qc4 Rb8 21. Nc1 Nc5 22. Na2 c6 23. Bxc6 Bxa6 24. Bb5 Bb7 25. Nb4 Rc8 26. Bc6 Nd7 27. Qe2 1-0

[Event "Chigorin Memorial 09th"]
[Site "St Petersburg"]
[Date "2001.10.31"]
[Round "6"]
[White "Zimina, Olga"]
[Black "Chuiko, Alexander"]
[Result "0-1"]
[WhiteElo "2326"]
[BlackElo "2413"]
[PlyCount "84"]
[EventDate "2001.10.26"]
[EventType "swiss"]
[EventRounds "9"]
[EventCountry "RUS"]
[SourceTitle "EXT 2002"]
[Source "ChessBase"]
[SourceDate "2001.11.25"]
[SourceVersion "1"]
[SourceVersionDate "2001.11.25"]
[SourceQuality "1"]

1. e4 c5 2. Nf3 d6 3. Bb5+ Nd7 4. d4 Ngf6 5. Nc3 cxd4 6. Qxd4 e5 7. Qd3 h6 8. 0-0 a6 9. Bxd7+ Bxd7 10. a4 Rc8 11. Nd2 Qc7 12. Re1 Be7 13. Nf1 0-0 14. Ne3 Be6 15. Bd2 Bc4 16. Nxc4 Qxc4 17. Qe2 Rfe8 18. Rad1 b5 19. axb5 axb5 20. Qxc4 Rxc4 21. Nxb5 Rb8 22. b3 Rxc2 23. Na3 Ra2 24. Nc4 Rxb3 25. f3 Rd3 26. Be3 Rxd1 27. Rxd1 Ra6 28. Kf1 Rc6 29. Na5 Rc7 30. Nb3 Rc3 31. Nc1 Rxe3 32. Nd3 Nxe4 33. fxe4 Rxe4 34. Ra1 f5 35. Kf2 Kf7 36. Ra6 Rc4 37. Rb6 g5 38. Ke2 Rc2+ 39. Kf1 Ke6 40. Ra6 h5 41. Rb6 e4 42. Ne1 Rd2 0-1

[Event "Chigorin Memorial 09th"]
[Site "St Petersburg"]
[Date "2001.10.01"]
[Round "7"]
[White "Chuiko, Alexander"]
[Black "Ryzhov, Ivan"]
[Result "1-0"]
[WhiteElo "2413"]
[BlackElo "2245"]
[PlyCount "91"]
[EventDate "2001.10.26"]
[EventType "swiss"]
[EventRounds "9"]
[EventCountry "RUS"]
[SourceTitle "EXT 2002"]
[Source "ChessBase"]
[SourceDate "2001.11.25"]
[SourceVersion "1"]
[SourceVersionDate "2001.11.25"]
[SourceQuality "1"]

1. e4 c5 2. Nf3 Nc6 3. d4 cxd4 4. Nxd4 Nf6 5. Nc3 d6 6. f3 e6 7. Be3 Be7 8. Qd2 0-0 9. 0-0-0 a6 10. g4 Nd7 11. h4 Nxd4 12. Bxd4 b5 13. g5 Nc5 14. a3 Rb8 15. Rg1 b4 16. axb4 Rxb4 17. Nd5 Rb8 18. Nf6+ Kh8 19. Nh5 e5 20. Bxc5 dxc5 21. Qc3 Qc7 22. Rd5 Bd6 23. f4 Be6 24. fxe5 Be7 25. Bc4 Rb4 26. Rf1 Rfb8 27. b3 a5 28. Nf4 a4 29. Nd3 R4b6 30. Kd2 axb3 31. cxb3 Ra8 32. Ra1 Qc8 33. Ra5 Rbb8 34. Ra4 Bh3 35. Nf4 Bd7 36. Rxa8 Rxa8 37. Ke3 Bc6 38. Kf3 Ra2 39. Rd2 Qa8 40. Bd5 Ra3 41. Qd3 Bf8 42. Bxf7 Ra1 43. Bd5 Rh1 44. Bxc6 Qxc6 45. Qd8 Rf1+ 46. Rf2 1-0